| 000 | 00747nam a22001577a 4500 | ||
|---|---|---|---|
| 999 |
_c60909 _d60909 |
||
| 005 | 20231115170651.0 | ||
| 008 | 231115s1966 ru ||||| |||| 00| 0 rus d | ||
| 041 | _arus | ||
| 080 | _a94(37/38) Л-24 | ||
| 100 |
_aЛапин, В.В. _920412 |
||
| 245 |
_aГреческая колонизация Северного Причерноморья: _b(критический очерк отечественных теорий колонизации) / _cВ.В. Лапин. |
||
| 264 |
_aКиев: _bНаукова Думка, _c1966. |
||
| 300 |
_a238 с. : _b22 см. |
||
| 653 | _aჩრდილოეთ შავი ზღვის რეგიონის ბერძნული კოლონიზაცია | ||
| 942 |
_2udc _cᲬᲘᲒᲜᲘ |
||